| 000 | 00503nam a22001697a 4500 | ||
|---|---|---|---|
| 999 |
_c17357 _d17357 |
||
| 003 | AR-CdUCM | ||
| 008 | 190508b ||||| |||| 00| 0 spa d | ||
| 040 |
_aMUNICIPALIDAD PROVINCIAL DEL CUSCO _cBIBLIOTECA MUNICIPAL DEL CUSCO |
||
| 082 |
_a923.2 / _bG59 |
||
| 100 |
_aGolden, Harry. _937328 |
||
| 245 | _aMr. Kennedy y los negros / | ||
| 260 |
_aMéxico : _bPlaza & Janes , _c1965. |
||
| 300 |
_a350 páginas ; _c19 cm. |
||
| 650 |
_aKennedy. _935320 |
||
| 942 |
_2ddc _cLIBROS |
||
| 945 |
_arum _d2019-05-08 |
||